Loading...
| Philosophy | 0 | 7 | 0 | 1 | 70 | 51 | 84.00 | 3 | 5 | 0.00 | 0.00 |
| History - European | 0 | 5 | 0 | 1 | 50 | 77 | 110.20 | 1 | 1 | 0.00 | 0.00 |
| Fine Arts - Other | 0 | 4 | 0 | 1 | 40 | 84 | 99.25 | 0 | 2 | 0.00 | 0.00 |
| Fine Arts - Painting and Sculpture | 0 | 5 | 2 | 1 | 40 | 41 | 84.00 | 2 | 3 | 0.00 | 0.00 |
| Mythology | 0 | 4 | 0 | 0 | 40 | 74 | 100.25 | 1 | 3 | 0.00 | 0.00 |
| Religion | 0 | 4 | 2 | 0 | 30 | 25 | 80.25 | 2 | 2 | 0.00 | 0.00 |
| Literature - European | 0 | 3 | 0 | 1 | 30 | 100 | 114.33 | 1 | 2 | 0.00 | 0.00 |
| Social Science | 0 | 3 | 1 | 2 | 25 | 93 | 108.33 | 0 | 2 | 0.00 | 0.00 |
| Fine Arts - Classical Music | 0 | 1 | 0 | 0 | 10 | 42 | 42.00 | 1 | 1 | 0.00 | 0.00 |
| Geography | 0 | 1 | 0 | 0 | 10 | 123 | 123.00 | 0 | 1 | 0.00 | 0.00 |
| History - American | 0 | 2 | 2 | 1 | 10 | 121 | 123.50 | 0 | 1 | 0.00 | 0.00 |
| History - Other | 0 | 2 | 2 | 0 | 10 | 100 | 102.50 | 1 | 2 | 0.00 | 0.00 |
| Literature - World | 0 | 1 | 0 | 0 | 10 | 64 | 64.00 | 1 | 1 | 0.00 | 0.00 |
| Pop Culture | 0 | 1 | 0 | 0 | 10 | 26 | 26.00 | 0 | 1 | 0.00 | 0.00 |
| Science - Biology | 0 | 1 | 0 | 0 | 10 | 71 | 71.00 | 0 | 1 | 0.00 | 0.00 |
| Science - Other | 0 | 1 | 0 | 0 | 10 | 125 | 125.00 | 0 | 0 | 0.00 | 0.00 |
| History - World | 0 | 1 | 2 | 0 | 0 | 101 | 101.00 | 0 | 0 | 0.00 | 0.00 |
| Literature - British | 0 | 0 | 1 | 0 | -5 | 0.00 | 0 | 0 | 0.00 | 0.00 | |
| Literature - American | 0 | 0 | 1 | 0 | -5 | 0.00 | 0 | 0 | 0.00 | 0.00 |